History Quiz

Random History or Author Quiz

HCHS Authors by Philosphical Work Quiz Stats

 Plays Quiz not verified by Sporcle

Challenge
Share
Tweet
Embed
Score 0/279 Timer 20:00
0 Plays Today
Title Author % Correct
The RepublicPlato
100%
The Wealth of NationsAdam Smith
100%
The PrinceNiccolo Machiavelli
100%
Summa TheologicaThomas Aquinas
100%
Critique of Pure ReasonImmanuel Kant
88.9%
Thus Spoke ZarathustraFriedrich Nietzsche
80%
On the Social ContractJean-Jacques Rousseau
80%
Critique of Practical ReasonImmanuel Kant
80%
UtilitarianismJohn Stuart Mill
80%
City of GodSt. Augustine
80%
An Essay Concerning Human UnderstandingJohn Locke
80%
ApologyPlato
80%
PhaedoPlato
80%
Principia MathematicaBertrand Russell
80%
AnalectsConfucius
80%
The Communist ManifestoKarl Marx
80%
Das KapitalKarl Marx
80%
The Second SexSimone de Beauvoir
80%
The Birth of the ClinicMichel Foucault
66.7%
LeviathanThomas Hobbes
66.7%
The Interpretation of DreamsSigmund Freud
66.7%
PoliticsAristotle
66.7%
The Phenomenology of SpiritGeorg Wilhelm Friedrich Hegel
66.7%
On the Genealogy of MoralityFriedrich Nietzsche
60%
A Treatise of Human NatureDavid Hume
60%
Principles of Political EconomyJohn Stuart Mill
60%
Being and TimeMartin Heidegger
60%
Two Treatises of GovernmentJohn Locke
60%
Reflections on the Revolution in FranceEdmund Burke
60%
PragmatismWilliam James
60%
EncyclopédieDenis Diderot
60%
The Spirit of LawsBaron de Montesquieu
60%
Common SenseThomas Paine
60%
SuicideÉmile Durkheim
60%
The Eighteenth Brumaire of Louis NapoleonKarl Marx
60%
The AntichristFriedrich Nietzsche
60%
PhysicsAristotle
58.3%
Nichomachean EthicsAristotle
58.3%
Being and Nothingness Jean-Paul Sartre
58.3%
Democracy in AmericaAlexis de Tocqueville
57.9%
Critique of Judgement Immanuel Kant
55.6%
EthicsBaruch Spinoza
55.6%
The World as Will and RepresentationArthur Schopenhauer
52.6%
On LibertyJohn Stuart Mill
52.6%
Of GrammatologyJacques Derrida
52.6%
Ecce HomoFriedrich Nietzsche
52.6%
Self-RelianceRalph Waldo Emerson
50%
De civeThomas Hobbes
50%
Either/OrSoren Kierkegaard
50%
Fear and TremblingSoren Kierkegaard
50%
MetaphysicsAristotle
50%
The Transcendence of the EgoJean-Paul Sartre
50%
NauseaJean-Paul Sartre
50%
Three Dialogues Between Hylas and Philonous.George Berkeley
50%
The New AtlantisFrancis Bacon
50%
The Gay ScienceFriedrich Wilhelm Nietzsche
47.4%
The History of SexualityMichel Foucault
47.4%
Discipline and PunishMichel Foucault
47.4%
Varieties of Religious ExperienceWilliam James
47.4%
Elements of the Philosophy of RightGeorg Wilhelm Friedrich Hegel
47.4%
A Theory of JusticeJohn Rawls
44.4%
The Origins of TotalitarianismHannah Arendt
42.1%
Word and ObjectWillard Van Orman Quine
42.1%
The AnalystGeorge Berkeley
42.1%
Essay Towards a New Theory of VisionGeorge Berkeley
42.1%
On DenotingBertrand Arthur William Russell
42.1%
Prolegomena to any Future MetaphysicsImmanuel Kant
42.1%
Specters of MarxJacques Derrida
41.7%
De corporeThomas Hobbes
41.7%
De homineThomas Hobbes
41.7%
The Open Society and its EnemiesKarl Popper
41.7%
Studies on HysteriaSigmund Freud
41.7%
The Life of ReasonGeorge Santayana
41.7%
The Sense of BeautyGeorge Santayana
41.7%
Skepticism and Animal FaithGeorge Santayana
41.7%
Tractatus Logico-PhilosophicusLudwig Wittgenstein
41.7%
Philosophical InvestigationsLudwig Wittgenstein
41.7%
On the Concept of IronySoren Kierkegaard
41.7%
PoeticsAristotle
41.7%
Anti-Semite and JewJean-Paul Sartre
41.7%
CategoriesAristotle
41.7%
OrganonAristotle
41.7%
Beyond Good and EvilFriedrich Nietzsche
40%
The Course in Positive PhilosophyAuguste Comte
40%
The Birth of TragedyFriedrich Nietzsche
40%
EmileJean-Jacques Rousseau
40%
Discourse on MethodRene Descartes
40%
Meditations on First PhilosophyRene Descartes
40%
An Enquiry Concerning Human UnderstandingDavid Hume
40%
ParmenidesPlato
40%
SymposiumPlato
40%
Dialogues Concerning Natural ReligionDavid Hume
40%
A Letter Concerning TolerationJohn Locke
40%
Title Author % Correct
The Theory of Moral SentimentsAdam Smith
40%
CritoPlato
40%
The Age of ReasonThomas Paine
40%
The Genealogy of MoralsFriedrich Nietzsche
40%
PenséesBlaise Pascal
40%
The Varieties of Religious Experience William James
40%
Sickness unto DeathSoren Kierkegaard
40%
RhetoricAristotle
40%
Observations on the Feelings of the Beautiful and SublimeImmanuel Kant
40%
The Persian LettersBaron de Montesquieu
40%
MenoPlato
40%
On the Origins of Inequality in MankindJean-Jacques Rousseau
40%
Theses on FeuerbachKarl Marx
40%
Twilight of the IdolsFriedrich Wilhelm Nietzsche
40%
Science of LogicGeorg Wilhelm Friedrich Hegel
36.8%
Eichmann in Jerusalem.Hannah Arendt
36.8%
A System of LogicJohn Stuart Mill
36.8%
Two Dogmas of EmpiricismWillard Van Orman Quine
36.8%
The Critique of the Gotha ProgramKarl Marx
36.8%
Genealogy of KnowledgeMichel Foucault
33.3%
Human NatureRalph Waldo Emerson
33.3%
The American ScholarRalph Waldo Emerson
33.3%
Cogito and the History of MadnessJacques Derrida
33.3%
Civilization and Its DiscontentsSigmund Freud
33.3%
Moses and MonotheismSigmund Freud
33.3%
Beyond the Pleasure PrincipleSigmund Freud
33.3%
The Realms of BeingGeorge Santayana
33.3%
Blue and Brown BooksLudwig Wittgenstein
33.3%
The Seducer's DiarySoren Kierkegaard
33.3%
On the Improvement of the UnderstandingBaruch Spinoza
33.3%
Tractatus Theologico-PoliticusBaruch Spinoza
33.3%
The Case of WagnerFriedrich Nietzsche
33.3%
History of AstronomyAdam Smith
31.6%
The Worldly Philosophers (Textbook)Adam Smith
31.6%
Passions of the SoulRene Descartes
31.6%
The Will to KnowledgeMichel Foucault
31.6%
The Order of ThingsMichel Foucault
31.6%
Agrarian JusticeThomas Paine
31.6%
On the Freedom of the WillArthur Schopenhauer
31.6%
On the Fourfold Root of the Principle of Sufficient ReasonArthur Schopenhauer
31.6%
A Few Words on Non-InterventionJohn Stuart Mill
31.6%
Knowing and the KnownJohn Dewey
31.6%
Democracy and EducationJohn Dewey
31.6%
Introduction to the Principles of Morals and LegislationJeremy Bentham
31.6%
SirisGeorge Berkeley
31.6%
Contra Errores GraecorumThomas Aquinas
31.6%
Critique of Dialectical ReasonJean-Paul Sartre
31.6%
The Old Regime and the RevolutionAlexis de Tocqueville
31.6%
The Analysis of MindBertrand Arthur William Russell
26.3%
Political LiberalismJohn Rawls
26.3%
The Human ConditionHannah Arendt
26.3%
The Will to BelieveWilliam James
26.3%
The Public and its ProblemsJohn Dewey
26.3%
The Description of the Human Body Rene Descartes
26.3%
Untimely MeditationsFriedrich Nietzsche
26.3%
Discourse on InequalityJean-Jacques Rousseau
26.3%
Book of SongsConfucius
26.3%
Post Card: From Socrates to Freud and BeyondJacques Derrida
25%
The Poverty of HistoricismKarl Popper
25%
Conjectures and RefutationsKarl Popper
25%
Epistemology NaturalizedWillard Van Orman Quine
25%
The Ends of ManJacques Derrida
25%
Signature Event ContextJacques Derrida
25%
History of AnimalsAristotle
25%
Summa Contra GentilesThomas Aquinas
25%
Madness and CivilizationMichel Foucault
25%
History of My CalamitiesPeter Abelard
21.1%
Ethics,or Know ThyselfPeter Abelard
21.1%
PhD dissertation on The Aesthetics of Thomas AquinasUmberto Eco
21.1%
RepetitionSoren Kierkegaard
21.1%
The Reflex Arc Concept of PsychologyJohn Dewey
21.1%
The Genteel Tradition in American PhilosophyGeorge Santayana
21.1%
On the Nature of AcquaintanceBertrand Arthur William Russell
21.1%
Treatise on ManRene Descartes
21.1%
Pedagogical AnthropologyMaria Montessori
21.1%
On WomenArthur Schopenhauer
20%
Essay on the Origins of LanguagesJean-Jacques Rousseau
20%
A Letter from a Gentleman to his Friend in EdinburghDavid Hume
20%
Perpetual PeaceImmanuel Kant
20%
Enquiry Concerning the Clarity of the Principles of Natural Theology and EthicsImmanuel Kant
20%
Grounding for the Metaphysics of MoralsImmanuel Kant
20%
Discourse on the Sciences and ArtsJean-Jacques Rousseau
20%
The State of WarJean-Jacques Rousseau
20%
ProtagorasPlato
20%
ConfessionsSt. Augustine
20%
Toward a Psychology of Being and Motivation and PersonalityAbraham Maslow
20%
Philosphy and the Mirror of NatureRichard Porty
20%
The Art of Being RightArthur Schopenhauer
20%
Commentary on the Sentences of Peter LombardThomas Aquinas
20%
On the Conduct of the UnderstandingJohn Locke
20%
Some Thoughts Concerning EducationJohn Locke
20%
Fundamental Constitutions of CarolinaJohn Locke
20%
On Truth and Lies in a Nonmoral SenseFriedrich Nietzsche
20%
Title Author % Correct
JulieJean-Jacques Rousseau
20%
Rights of ManThomas Paine
20%
The American CrisisThomas Paine
20%
Why I am Not a ChristianBertrand Russell
20%
What I BelieveBertrand Russell
20%
Why I Write Such Good BooksFriedrich Nietzsche
20%
Why I am a DestinyFriedrich Nietzsche
20%
Reveries of a Solitary WalkerJean-Jacques Rousseau
20%
Provincial LettersBlaise Pascal
20%
Enquiry Concerning the Principles of MoralsDavid Hume
20%
Of Natural Characters David Hume
20%
The Question Concerning TechnologyMartin Heidegger
20%
A Theory of Human MotivationAbraham Maslow
20%
The Golden AssNiccolo Machiavelli
20%
History of FlorenceNiccolo Machiavelli
20%
Discourses of LivyNiccolo Machiavelli
20%
Modern Marriage a Failure? Bertrand Russell
20%
On DenotingBertrand Russell
20%
MonadologyGottfried Wilhelm Leibniz
20%
On Christian DoctrineSt. Augustine
20%
Lectures on the Philosophy of HistoryGeorg Wilhelm Friedrich Hegel
20%
MeditationsMarcus Aurelius
20%
Dialogue Between a Philosopher, A Jew, and a ChristianPierre Abelard
20%
Yes and NoPierre Abelard
20%
Totem and TabooSigmund Freud
20%
The Philosophy of HistoryRalph Waldo Emerson
16.7%
The Advancement of LearningFrancis Bacon
15.8%
Works of LoveSoren Kierkegaard
15.8%
Of the PassionsDavid Hume
15.8%
Paradox of ActingDenis Diderot
10.5%
On the Basis of MoralityArthur Schopenhauer
10.5%
A Book for Free SpiritsFriedrich Nietzsche
10.5%
A Short Review of the DeclarationJeremy Bentham
10.5%
The Claim of ReasonLudwig Wittgenstein
5.3%
Fable of the TroglodytesBaron de Montesquieu
5.3%
Man Versus the StateHerbert Spencer
0%
Social StaticsHerbert Spencer
0%
System of Synthetic PhilosophyHerbert Spencer
0%
On the Uses and Disadvantages of History for LifeFriedrich Nietzsche
0%
Certain Considerations Touching the Better Pacification and Edification of the Church of EnglandFrancis Bacon
0%
The New InstrumentFrancis Bacon
0%
What Is Enlightenment?Immanuel Kant
0%
Ultimate Foundation of the Differentiation of Regions in SpaceImmanuel Kant
0%
On the Form and Principles of the Sensible and Intelligible WorldImmanuel Kant
0%
Moral Growth as Man´s Essential PurposeImmanuel Kant
0%
Discourse on Political EconomyJean-Jacques Rousseau
0%
A Treatise Concerning the Principles of Human KnowledgeGeorge Berkeley
0%
NatureJohn Stuart Mill
0%
TheismJohn Stuart Mill
0%
Utility of ReligionJohn Stuart Mill
0%
An Examination of Sir William Hamilton’s PhilosophyJohn Stuart Mill
0%
Religion of HumanityAugust Comte
0%
The Measure of the SoulSt. Augustine
0%
ReconsiderationsSt. Augustine
0%
History of Henry VIIFrancis Bacon
0%
Concerning the True and the FalseRene Descartes
0%
Origin of the Work of ArtMartin Heidegger
0%
Off the Beaten TrackMartin Heidegger
0%
Vindication of Natural SocietyEdmund Burke
0%
A Philosophical Inquiry into the Origin of Our Ideas of The Sublime and BeautifulEdmund Burke
0%
Search for a MethodJean-Paul Sartre
0%
A Defence of Common SenseGeorge Edward Moore
0%
Principia EthicaGeorge Edward Moore
0%
Encyclopedia of the Philosophical SciencesGeorg Wilhelm Friedrich Hegel
0%
The Principles of PsychologyWilliam James
0%
Will to BelieveWilliam James
0%
Sic et NonPeter Abelard
0%
New Physical HypothesisGottfried Wilhelm Leibniz
0%
Book of SongsConfucius
0%
The Moral Philosopher and the Moral LifeWilliam James
0%
The MomentSoren Kierkegaard
0%
Philosophical FragmentsSoren Kierkegaard
0%
A Kind of History of My LifeDavid Hume
0%
Essays Moral and PoliticalDavid Hume
0%
Prior AnalyticsAristotle
0%
Two AgesSoren Kierkegaard
0%
The MandrakeNiccolo Machiavelli
0%
New Essays on Human UnderstandingGottfried Wilhelm Leibniz
0%
The Reasonableness of ChristianityJohn Locke
0%
History of my TroublesPierre Abelard
0%
De MagistroSt. Augustine
0%
Schopenhauer as EducatorFriedrich Wilhelm Nietzsche
0%
On the Immortality of the SoulDavid Hume
0%
On SuicideDavid Hume
0%
Of Superstition and ReligionDavid Hume
0%
Practice in ChristianitySoren Kierkegaard
0%
The Poverty of PhilosophyKarl Marx
0%
Homer’s ContestFriedrich Nietzsche.
0%
Seventh LetterPlato
0%
On the Unicity of IntellectThomas Aquinas
0%
This is not a PipeMichel Foucault
0%
AlciphronGeorge Berkeley
0%
De MotuGeorge Berkeley
0%

You're not logged in!

Compare scores with friends on all Sporcle quizzes.
OR
Log In

You Might Also Like...

Show Comments

Extras

Top Quizzes Today


Score Distribution

Your Account Isn't Verified!

In order to create a playlist on Sporcle, you need to verify the email address you used during registration. Go to your Sporcle Settings to finish the process.

Report this User

Report this user for behavior that violates our Community Guidelines.

Details: